Losowe francuskie słowa #2 - Statystyki

Ogólne statystyki
  • Ten quiz został rozwiązany 1 121 razy
  • Średni wynik to 10 z 24
Statystyki odpowiedzi
Francuski Polski % Poprawnych
Femme Kobieta
81%
Merci Dzięki
70%
Deux Dwa
66%
Maison Dom
63%
Fin Koniec
61%
Rouge Czerwony
58%
Bon Dobrze
55%
École Szkoła
51%
Vin Wino
50%
Année Rok
47%
Ville Miasto
45%
Très Naprawdę
44%
Monde Świat
44%
Garçon Chłopak
43%
Guerre Wojna
35%
Sans Bez
32%
Tête Głowa
30%
Bienvenue Witamy
30%
Visage Twarz
29%
Pays Państwo
28%
Fête Impreza
21%
Mort Martwy
20%
Après Później
16%
Libre Darmowy
8%
Nie znaleziono quizów pasujących do podanych kryteriów
Rozkład punktacji
Procent ludzi z każdym wynikiem
Percentyl według liczby udzielonych odpowiedzi
Twoja historia wyników
Nie rozwiązałeś tego quizu